00379nam a2200121Ia 4500008004100000041000800041082001500049100001600064245007100080260007500151300001100226650002000237210719s2005 xx 000 0 und d aeng a658.8 UJWM aUJWAL (K B) aMarket survey of soft drink joy with reference to mangalore market aMangalorebDepartment of Business Management St Aloysius Collegec2005 a74bHB aProject Reports